00511nam a2200157Ia 4500008004100000100002100041245006200062245002100124260006200145260000900207300002400216500000900240650001300249999001900262952007200281170224s9999 xx 000 0 und d aXosé M. Santos 4aThe Way of Saint James as an event: politics and nation  cXosé M. Santos bJournal of Policy Research in Tourism, Leisure and Events c2016 a8:3, Pages: 233-248 a2016 xTourism. c315634d315634 001040aCLbCLd2017-02-24l0r2017-02-24 00:00:00w2017-02-24ySE